000 00643nam a2200169 i 4500
001 107865
003 ES-MaACL
005 20230906184518.0
007 t|
008 061121s1919 fr r ||||1| fre d
100 1 _aMounier, André.
_983874
245 1 4 _aLes faits et la doctrine économique en Espagne sous Philippe V
_b: Gerónimo de Uztáriz (1670-1732) : thèse pour le doctorat (sciences politiques et économiques)... /
_cpar André Mounier.
260 _aBordeaux :
_b[s.n],
_c1919 (
_fImp. de l'Université)
300 _a300 p. ;
_c25 cm.
500 _aFaculté de Droit de l'Université de Bordeaux.
852 _aES-MaACL
_jF-2419
999 _c107865
_d107865